LEADER 03303cam a2200793 i 4500
001 nkc20172933685
003 CZ PrNK
005 20180403082024.0
007 ta
008 171114s2017 xr e 000 0acze d
015 |a cnb002933685 
020 |a 978-80-905418-6-3  |q (brožováno) 
035 |a (OCoLC)1035472070 
040 |a KLG001  |b cze  |d BOA001  |e rda 
041 1 |a cze  |h eng 
043 |a n-us--- 
045 |a x8y1 
072 7 |a 2  |x Náboženství  |2 Konspekt  |9 5 
072 7 |a 929  |x Biografie  |2 Konspekt  |9 8 
080 |a 28-726.6  |2 MRF 
080 |a 2-184.35-051  |2 MRF 
080 |a 929  |2 MRF 
080 |a 2-64-722  |2 MRF 
080 |a 27-722.7  |2 MRF 
080 |a 27-726.6-67:28-726.6  |2 MRF 
080 |a 27-67:28  |2 MRF 
080 |a 2-285.4  |2 MRF 
080 |a (73)  |2 MRF 
080 |a (092)  |2 MRF 
100 1 |a Qureshi, Nabeel,  |d 1983-2017  |7 pna2017972133  |4 aut 
240 1 0 |a Seeking Allah, finding Jesus.  |l Česky 
245 1 0 |a Hledal jsem Alláha, našel Ježíše :  |b zbožný muslim se setkává s křesťanstvím /  |c Nabeel Qureshi ; z anglického originálu Seeking Allah, finding Jesus ... přeložil Lukáš Makovička 
250 |a První vydání 
264 1 |a Praha :  |b Rosa books,  |c 2017 
300 |a 357 stran ;  |c 22 cm 
336 |a text  |b txt  |2 rdacontent 
337 |a bez média  |b n  |2 rdamedia 
338 |a svazek  |b nc  |2 rdacarrier 
500 |a Terminologický slovník 
504 |a Obsahuje bibliografické odkazy 
600 1 7 |a Qureshi, Nabeel,  |d 1983-2017  |7 pna2017972133  |2 czenas 
648 4 |a 1983-2017 
648 7 |a 20.-21. století  |7 ch462155  |2 czenas 
648 7 |a 21. století  |7 ch460559  |2 czenas 
648 4 |a 2005-2017 
650 0 7 |a muslimové  |7 ph123046  |z Spojené státy americké  |y 20.-21. století  |2 czenas 
650 0 7 |a náboženští konvertité  |7 ph123389  |z Spojené státy americké  |y 21. století  |2 czenas 
650 0 7 |a změna vyznání  |7 ph799434  |z Spojené státy americké  |y 21. století  |2 czenas 
650 0 7 |a křesťané  |7 ph122150  |z Spojené státy americké  |y 21. století  |2 czenas 
650 0 7 |a křesťané a muslimové  |7 ph115083  |z Spojené státy americké  |y 20.-21. století  |2 czenas 
650 0 7 |a křesťanství a islám  |7 ph115076  |z Spojené státy americké  |y 20.-21. století  |2 czenas 
650 0 7 |a náboženské polemiky  |7 ph180961  |z Spojené státy americké  |y 20.-21. století  |2 czenas 
650 0 9 |a Muslims  |z United States  |y 20th-21st centuries  |2 eczenas 
650 0 9 |a religious converts  |z United States  |y 21st century  |2 eczenas 
650 0 9 |a change of religion  |z United States  |y 21st century  |2 eczenas 
650 0 9 |a Christians  |z United States  |y 21st century  |2 eczenas 
650 0 9 |a Christians and Muslims  |z United States  |y 20th-21st centuries  |2 eczenas 
650 0 9 |a Christianity and Islam  |z United States  |y 20th-21st centuries  |2 eczenas 
650 0 9 |a religious polemics  |z United States  |y 20th-21st centuries  |2 eczenas 
655 7 |a autobiografie  |7 fd131855  |2 czenas 
655 9 |a autobiography  |2 eczenas 
700 1 |a Makovička, Lukáš,  |d 1982-  |7 mzk2009512554  |4 trl 
910 2 |a BOA001  |b 2-1401.584 
920 |a 1156757  |z KLG001 
928 9 |a Rosa - hudební vydavatelství 
990 |a BK 
995 |a 01 
991 |b 201802  |c NOV 
996 6 |b 2610732470  |c 2-1401.584  |l MZK  |r Sklad / do 1 hodiny  |n 3  |p p.v.  |w 001649838  |u 000010  |a 1  |e BOA001  |j MZK50  |s P